SECRET HERO (Record no. 22332)

MARC details
000 -LEADER
fixed length control field 00317nam a2200133Ia 4500
008 - FIXED-LENGTH DATA ELEMENTS--GENERAL INFORMATION
fixed length control field 240624s9999 xx 000 0 und d
041 ## - LANGUAGE CODE
Language code of text/sound track or separate title eng
082 ## - DEWEY DECIMAL CLASSIFICATION NUMBER
Classification number 658.314 BYR
100 ## - MAIN ENTRY--PERSONAL NAME
Personal name BYRNE RHONDA
245 ## - TITLE STATEMENT
Title SECRET HERO
260 ## - PUBLICATION, DISTRIBUTION, ETC.
Date of publication, distribution, etc. 2013
Place of publication, distribution, etc. New Delhi
Name of publisher, distributor, etc. Simon & Schuster India
300 ## - PHYSICAL DESCRIPTION
Extent 240 : p.
365 ## - TRADE PRICE
Currency code RS
Price amount 25
Holdings
Withdrawn status Lost status Damaged status Not for loan Home library Current library Shelving location Date acquired Source of acquisition Cost, normal purchase price Total Checkouts Full call number Barcode Date due Date last seen Date last checked out Copy number Price effective from Koha item type
        IMTN IMTN Rack 27-A 03/01/2014 AP 699.00 1 658.314 BYR 22332 02/23/2025 02/13/2025 02/13/2025 1 06/24/2024 Books
Designed & Maintained by: LRC IMT Nagpur Contact: lrc@imtnag.ac.in© 2024. All Rights Reserved.